The surveyor's and builder's assistant; or, Practical manual of mensuration: shewing, in a clear and easy manner, how to ascertain the dimensions, quantities, and value of every description of builder's work, with instructions for making out specifications and bills of quantities. Illustrated and simplified by numerous coloured plans, sections, and diagrams (Record no. 114217)

MARC details
000 -LEADER
fixed length control field 00871cam a22001815a 4500
001 - CONTROL NUMBER
control field L156371
008 - FIXED-LENGTH DATA ELEMENTS--GENERAL INFORMATION
fixed length control field 120515s1848 xxk f 000 0 eng d
035 ## - SYSTEM CONTROL NUMBER
System control number (Sirsi) u156371
041 0# - LANGUAGE CODE
Language code of text/sound track or separate title eng
100 1# - MAIN ENTRY--PERSONAL NAME
Personal name Reid, John
245 04 - TITLE STATEMENT
Title The surveyor's and builder's assistant; or, Practical manual of mensuration: shewing, in a clear and easy manner, how to ascertain the dimensions, quantities, and value of every description of builder's work, with instructions for making out specifications and bills of quantities. Illustrated and simplified by numerous coloured plans, sections, and diagrams
Statement of responsibility, etc. by John Reid, surveyor
260 ## - PUBLICATION, DISTRIBUTION, ETC.
Place of publication, distribution, etc. London
Name of publisher, distributor, etc. Cunningham
Date of publication, distribution, etc. [1848]
300 ## - PHYSICAL DESCRIPTION
Extent 193 p. 16 plates (part col.; incl. plans)
Dimensions 29 cm.
583 ## - ACTION NOTE
Action Condition reviewed
Time/date of action 20120620
Status condition level 4
651 #4 - SUBJECT ADDED ENTRY--GEOGRAPHIC NAME
Geographic name Great Britain
Chronological subdivision 1707-
690 ## - LOCAL SUBJECT ADDED ENTRY--TOPICAL TERM (OCLC, RLIN)
Topical term or geographic name as entry element Measurement
9 (RLIN) 6256
942 ## - ADDED ENTRY ELEMENTS (KOHA)
Suppress in OPAC 0
Holdings
Withdrawn status Lost status Source of classification or shelving scheme Damaged status Not for loan Home library Current library Shelving location Date acquired Total Checkouts Full call number Barcode Date last seen Copy number Price effective from Koha item type
    Dewey Decimal Classification     Historic collection Historic collection Historic collection 15/05/2012   QUARTO 1848 REID 30077959 06/08/2019 1 06/08/2019 Book